| 000 | 00568nam a2200181 i 4500 | ||
|---|---|---|---|
| 001 | 140956 | ||
| 003 | ES-MaACL | ||
| 005 | 20230906200204.0 | ||
| 007 | t| | ||
| 008 | 070918s1966 sp ||||1| spa d | ||
| 100 | 1 |
_aWerstein, Irving. _9116515 |
|
| 245 | 1 | 0 |
_a1914-1918: Primera Guerra Mundial / _cIrving Werstein ; [traducción Elena García]. |
| 260 |
_aBarcelona : _bFerma, _c[1966] |
||
| 300 |
_a132 p. : _bil. ; _c30 cm. |
||
| 650 | 4 |
_aGuerra mundial, 1914-1918- _vObras ilustradas. _9148755 |
|
| 700 | 1 |
_aGarcía, Elena. _954014 |
|
| 852 |
_aES-MaACL _jC-32934 |
||
| 999 |
_c140956 _d140956 |
||